Romanian Words - Statistics

General Stats
  • This quiz has been taken 804 times
  • The average score is 16 of 20
Answer Stats
Hint Answer % Correct
Muzica Music
96%
Nu No
93%
Ungaria Hungary
92%
Câine Dog
91%
Femeie Woman
89%
Polonia Poland
87%
Moarte Death
82%
Aur Gold
82%
Sânge Blood
79%
Limba Language
78%
Argint Silver
76%
Cântec Song
75%
Munte Mountain
74%
Creati Create
72%
Lacul Lake
72%
Stilou Pen
71%
Cerul Sky
68%
Visul Dream
61%
Faceti Make
58%
Adaugati Add
56%
No matching quizzes found
Score Distribution
Percent of People with Each Score
Percentile by Number Answered
Your Score History
You have not taken this quiz